Dock and harbour engineering, Vol - II (Record no. 3880)

000 -LEADER
fixed length control field 00479nam a22001697a 4500
008 - FIXED-LENGTH DATA ELEMENTS--GENERAL INFORMATION
fixed length control field 200706b ||||| |||| 00| 0 eng d
082 00 - DEWEY DECIMAL CLASSIFICATION NUMBER
Classification number 627.2
Item number C818
100 ## - MAIN ENTRY--PERSONAL NAME
9 (RLIN) 3198
Personal name Cornick, Henry F.
245 10 - TITLE STATEMENT
Title Dock and harbour engineering, Vol - II
250 ## - EDITION STATEMENT
Edition statement 3rd ed.
260 ## - PUBLICATION, DISTRIBUTION, ETC. (IMPRINT)
Place of publication, distribution, etc London
Name of publisher, distributor, etc Griffin
Date of publication, distribution, etc 1959
300 ## - PHYSICAL DESCRIPTION
Extent xvi,344 p.
365 ## - TRADE PRICE
Unit of pricing 100.80
505 0# - FORMATTED CONTENTS NOTE
Formatted contents note Vol - II - The design of harbours
650 #0 - SUBJECT ADDED ENTRY--TOPICAL TERM
Topical term or geographic name as entry element Harbors Design and Construction
942 ## - ADDED ENTRY ELEMENTS (KOHA)
Item type Books
Holdings
Withdrawn status Lost status Source of classification or shelving scheme Damaged status Not for loan Permanent location Current location Date acquired Full call number Barcode Date last seen Koha item type
          IMU Kolkata IMU Kolkata 1961-03-01 627.2 C818 02665 2020-07-06 Books
Designed and Maintained by IMU-KC Library, Kolkata Campus © Copyright All Rights Reserved

webs counters

Powered by Koha